000 00416nam a2200133Ia 4500
008 220217s9999||||xx |||||||||||||| ||und||
020 _a978-9380-02662-6
082 _a621.382 NAI
100 _aNair, Somanathan, B and Deepa,S.R
245 0 _aBasic communication and information engineering
260 _aIK International publishing house
_bNew Delhi
_c2009
300 _b175
650 _aCOMMUNICATION SYSTEM
999 _c180073
_d180073